[Event "Wch U20 51st"]
[Site "Athens"]
[Date "2012.08.12"]
[Round "10"]
[White "Nuri, Kambez"]
[Black "Nadirashvili, Shalva"]
[Result "1-0"]
[WhiteElo "2274"]
[BlackElo "2151"]
[PlyCount "41"]
[EventDate "2012.08.02"]
[EventType "swiss"]
[EventRounds "13"]
[EventCountry "GRE"]
[SourceTitle "CBM 149 Extra"]
[Source "ChessBase"]
[SourceDate "2012.08.24"]
[SourceVersion "1"]
[SourceVersionDate "2012.08.24"]
[SourceQuality "1"]

1. e4 c5 2. Nf3 Nf6 3. Nc3 d5 4. exd5 Nxd5 5. Bc4 e6 6. 0-0 Be7 7. d4 Nxc3 8. bxc3 Nc6 9. Be3 0-0 10. Qd2 Qa5 11. Rfd1 Rd8 12. Qe1 Bf6 13. dxc5 Bxc3 14. Rxd8+ Nxd8 15. Bd2 Qxc5 16. Bxc3 Qxc4 17. Rd1 Bd7 18. Rxd7 Qxa2 19. Qe5 Qb1+ 20. Ne1 f6 21. Rxg7+ 1-0

[Event "World ol U16 10th"]
[Site "Kocaeli"]
[Date "2011.10.26"]
[Round "5.10"]
[White "Nadirashvili, Shalva"]
[Black "Ozdover, Mustafa Berkay"]
[Result "1-0"]
[WhiteElo "2035"]
[BlackElo "1876"]
[PlyCount "67"]
[EventDate "2011.10.24"]
[EventType "team-swiss"]
[EventRounds "10"]
[EventCountry "TUR"]
[SourceTitle "EXT 2012"]
[Source "ChessBase"]
[SourceDate "2011.11.24"]
[SourceVersion "1"]
[SourceVersionDate "2011.11.24"]
[SourceQuality "1"]
[WhiteTeam "Georgia"]
[BlackTeam "Turkey II"]
[WhiteTeamCountry "GEO"]
[BlackTeamCountry "TUR"]

1. d4 Nf6 2. c4 e6 3. g3 d5 4. Nf3 Be7 5. Bg2 0-0 6. 0-0 dxc4 7. Qc2 a6 8. Qxc4 b5 9. Qc2 Bb7 10. Bd2 Ra7 11. Rd1 Nbd7 12. Ba5 Qa8 13. b4 Rc8 14. Nbd2 Nb8 15. a3 Bd5 16. Re1 Ne4 17. Bh3 f5 18. Bb6 Rb7 19. Bc5 Bxc5 20. dxc5 Nc6 21. Nxe4 Bxe4 22. Qb3 Bd5 23. Qc3 Re8 24. Nd2 Rbb8 25. f3 Ne7 26. e4 Bc6 27. Qb3 Kh8 28. Qxe6 fxe4 29. Nxe4 Ng6 30. Qb3 Bxe4 31. fxe4 Rxe4 32. Bg2 Rxe1+ 33. Rxe1 Qa7 34. Qf7 1-0

[Event "EU-ch U16"]
[Site "Albena"]
[Date "2011.09.14"]
[Round "4"]
[White "Beradze, Irakli"]
[Black "Nadirashvili, Shalva"]
[Result "1-0"]
[WhiteElo "2294"]
[BlackElo "2035"]
[PlyCount "101"]
[EventDate "2011.09.11"]
[EventType "swiss"]
[EventRounds "9"]
[EventCountry "BUL"]
[SourceTitle "CBM 144 Extra"]
[Source "ChessBase"]
[SourceDate "2011.10.28"]
[SourceVersion "1"]
[SourceVersionDate "2011.10.28"]
[SourceQuality "1"]

1. e4 d6 2. d4 Nf6 3. Nc3 e5 4. Nf3 Nbd7 5. Bc4 Be7 6. 0-0 0-0 7. a4 a6 8. a5 b5 9. axb6 cxb6 10. Qe2 Bb7 11. dxe5 dxe5 12. Rd1 b5 13. Ba2 Qc7 14. Nd5 Nxd5 15. exd5 Bd6 16. Ng5 Nf6 17. Bb3 Rae8 18. Ne4 Nxe4 19. Qxe4 f5 20. Qh4 e4 21. Bf4 Kh8 22. g3 Rf6 23. Bxd6 Qxd6 24. Qf4 Qxf4 25. gxf4 Rg6+ 26. Kf1 Rh6 27. d6 Rxh2 28. d7 Rd8 29. Rd6 g5 30. fxg5 Kg7 31. Rad1 f4 32. R1d4 f3 33. Ke1 e3 34. fxe3 Rh1+ 35. Kf2 Rh2+ 36. Kg1 Rh1+ 37. Kf2 Rh2+ 38. Kg3 Rg2+ 39. Kh4 Rh2+ 40. Kg4 Rg2+ 41. Kf5 Re2 42. Re6 f2 43. Re7+ Kf8 44. Rf7+ Kg8 45. Kg4 Kh8 46. Rdf4 h5+ 47. Kxh5 Rd2 48. Rf8+ Rxf8 49. Rxf8+ Kh7 50. Rf7+ Kh8 51. Kh6 1-0